=LDR 00000nam 2200000 4500 =001 NUTBA000000000002197 =005 20200309072208 =035 ##$$a 0010-061400000000140 =008 200309################g##########0#ind## =020 ##$$a 978-602-8689-63-2 =082 ##$$a 297.74 =100 #$$a Armawati Arbi =245 1#$$a Psikologi komunikasi dan tabligh /$c Dr. Armawati Arbi, M.Si.; editor, Achmad Zirzis =250 ##$$a cet.1 =260 ##$$a Jakarta :$b Amzah,$c 2012 =300 ##$$a xii, 286 hlm ; $c 15 x 23 cm =084 ##$$a 297.74 ARM p =650 #4$$a Dakwah =990 ##$$a 21303556 =990 ##$$a 21303555 =990 ##$$a 021303554 =990 ##$$a 21303557 =990 ##$$a 21303558 =990 ##$$a 51600173